000 00427nam a2200169Ia 4500
005 20260330112720.0
008 260330s9999||||xx |||||||||||||| ||und||
020 _a9789589096284
041 _aspa
100 _aFroilán Escobar
245 0 _aAna Y Su Estrella De Olor /
_cFroilán Escobar
250 _a1 ed.
260 _aBogotá :
_bTres Culturas Editores.
_c1994
300 _a104 p.
650 _aCUENTO
942 _cBKL
999 _c2349
_d2349